Logo BPK

Bibliografia Prac Pracowników

Politechniki Koszalińskiej

Modelowanie i symulacja pasywnych gałęzi impedancyjnych w układach tłumienia drgań z zastosowaniem elementów piezoelektrycznych / (Rekord nr 687)

Szczegóły MARC
000 -ETYKIETA REKORDU
podpole kontrolne o stałej długości 01150naa a2200241 i 4500
001 - NUMER KONTROLNY REKORDU
podpole kontrolne BPP
003 - IDENTYFIKATOR NUMERU KONTROLNEGO REKORDU
podpole kontrolne BPK
005 - DATA OSTATNIEJ MODYFIKACJI REKORDU
podpole kontrolne 20190717124549.0
008 - POLE O STAŁEJ DŁUGOŚCI - DANE KONTROLNE
podpole kontrolne o stałej długości 150311s2004 pl f |100 0 pol
040 ## - ŹRÓDŁO KATALOGOWANIA
Instytucja, która utworzyła rekord BPK
Instytucja, która dokonała modyfikacji KOSZ 005/AR
080 ## - UNIWERSALNA KLASYFIKACJA DZIESIĘTNA - UKD
UKD 004.94
080 ## - UNIWERSALNA KLASYFIKACJA DZIESIĘTNA - UKD
UKD 534
100 ## - NAZWA OSOBOWA
Nazwa osobowa KRZYŻYŃSKI, Tomasz.
Lata pracy 1997 - .
Instytucja Politechnika Koszalińska - Wydział Mechaniczny,
Wydział Katedra Mechaniki Precyzyjnej - Zakład Mechatroniki
245 ## - TYTUŁ/ODPOWIEDZIALNOŚĆ
Tytuł Modelowanie i symulacja pasywnych gałęzi impedancyjnych w układach tłumienia drgań z zastosowaniem elementów piezoelektrycznych /
Pozostałe elementy strefy tytułu i oznaczenia odpowiedzialności T. Krzyżyński, R. Oleśkiewicz.
500 ## - UWAGI OGÓLNE
Tekst uwagi Dane z bibliografii załącznikowej.
650 #0 - HASŁO PRZEDMIOTOWE W FORMIE NAZWY OGÓLNEJ LUB JEDNOSTKOWEJ
Nazwa ogólna lub geograficzna Symulacja.
650 #0 - HASŁO PRZEDMIOTOWE W FORMIE NAZWY OGÓLNEJ LUB JEDNOSTKOWEJ
Nazwa ogólna lub geograficzna Impedancja.
655 #0 - TERMIN INDEKSOWY - OKREŚLENIE RODZAJU/FORMY DOKUMENTU
Określnie rodzaju/formy dokumentu Materiały konferencyjne.
650 #0 - HASŁO PRZEDMIOTOWE W FORMIE NAZWY OGÓLNEJ LUB JEDNOSTKOWEJ
Nazwa ogólna lub geograficzna Drgania
711 22 - HASŁO DODATKOWE - NAZWA IMPREZY
Nazwa imprezy Warsztaty Naukowe PTSK
Oznaczenie części/sekcji dzieła (11 ;
Data imprezy 2004 ;
Miejsce imprezy Białystok / Agustów, Polska)
773 ## - TYTUŁ DOKUMENTU MACIERZYSTEGO
Wyrażenie wprowadzające W :
Tytuł XI Warsztaty Naukowe PTSK "Symulacja w Badaniach i Rozwoju" : zbiór referatów, Białystok-Augustów, 1-4 września 2004. -
Adres wydawniczy Warszawa : [Białystok : Politechnika Białostocka. Dział Wydawnictw i Poligrafii], 2005. -
ISBN 838822980X
942 ## - HASŁO DODATKOWE - ELEMENTY(KOHA)
Typ dokumentu Artykuł
Schemat klasyfikacji Uniwersalna klasyfikacja dziesiętna

Brak dostępnych egzemplarzy.

© 2014 Biblioteka Politechniki Koszalińskiej :: BIBLIOGRAFIA PRAC PRACOWNIKÓW